00233nam a2200109Ia 4500100002400000650001000024654001000034245002400044260003500068082000800103546001200111 aNambudiripad/K.B.M  aLATEX alatex aLatex for beginners bNarosa Publication Housec2014 bNAM aENGLISH